Osnovy bezbumažnoj informatiki /
Gespeichert in:
| 1. Verfasser: | |
|---|---|
| Format: | Buch |
| Sprache: | Russisch |
| Veröffentlicht: |
Moskva :
Nauka,
1987
|
| Ausgabe: | 2.izd. |
| Tags: |
Keine Tags, Fügen Sie das erste Tag hinzu!
|
MARC
| LEADER | 00000nam a22000003a 4500 | ||
|---|---|---|---|
| 001 | stu8932 | ||
| 005 | 20150617225621.3 | ||
| 008 | 960425s1987----xxr-----------------rus-d | ||
| 040 | |a STU |b slo | ||
| 041 | 0 | |a rus | |
| 044 | |a xxr | ||
| 080 | |a 681.32.016 | ||
| 080 | |a 519.683.5 | ||
| 080 | |a 65.011.56 | ||
| 100 | 1 | |a Gluškov, Viktor Michajlovič |4 aut | |
| 245 | 1 | |a Osnovy bezbumažnoj informatiki / |c [aut.] Gluškov,V.M | |
| 250 | |a 2.izd. | ||
| 260 | |a Moskva : |b Nauka, |c 1987 | ||
| 300 | |a 552 s | ||
| 996 | |b I3587 |c I*3587 |l II680 |s A |a 24 |w stu8932_0001 | ||